Normal view
MARC view
- Yasir Tariq
Entry Personal Name
001 - CONTROL NUMBER
- control field: 93155
003 - CONTROL NUMBER IDENTIFIER
- control field: NUST
005 - DATE AND TIME OF LATEST TRANSACTION
- control field: 20220706095805.0
008 - FIXED-LENGTH DATA ELEMENTS
- fixed length control field: 220706|| aca||aabn | a|a d
040 ## - CATALOGING SOURCE
- Original cataloging agency: NUST
- Transcribing agency: NUST
100 ## - HEADING--PERSONAL NAME
- Personal name: Yasir Tariq
670 ## - SOURCE DATA FOUND
- Source citation: Work cat.: (NUST)9158: Yasir Tariq, Modeling Integration and Repersentation of Heterogeneous Data for Medical Decision Support System Using Ontology (Medi-Systems) [Project BIT4], 2006.
